Ansiklopedik askeri terimler sözlüğü, İngilizce-Türkçe / (Record no. 15780)

MARC details
000 -BAŞLIK
Sabit Uzunlukta Kontrol Alanı 00853nam a22002417a 4500
999 ## - SİSTEM KONTROL NUMARALARI (KOHA)
Koha Biblionumber 15780
Koha Biblioitemnumber 15780
003 - KONTROL NUMARASI IDENTIFIER
Denetim Alanı MIRAKIL
005 - SON İŞLEM TARİHİ VE ZAMANI
Denetim Alanı 20240325165702.0
008 - SABİT-BOY VERİ ELEMANLARI - GENEL BİLGİLER
Sabit Uzunlukta Kontrol Alanı 240325b tu ||||| |||| 00| 0 tur d
020 ## - ULUSLARARASI STANDART KİTAP NUMARASI
Uluslararası Standart Kitap Numarası 9789751634702
040 ## - KATALOGLAMA KAYNAK
Orijinal Kataloglama Ajansı TR-AnCHP
Metne Dönüştürmek Ajansı TR-AnCHP
041 ## - DİL KODU
Metin / Ses Parça Veya Ayrı Başlığın Dil Kodu tur
082 ## - DEWEY ONLU SINIFLANDIRMA NUMARASI
Sınıflandırma Numarası 355.003
Ürün Numarası S21a 2018
100 ## - ANA GİRİŞ - KİŞİSEL İSİM
Kişisel Ad Sabuncuoğlu, Nurhan
245 10 - BAŞLIK TABLOSU
Başlık Ansiklopedik askeri terimler sözlüğü, İngilizce-Türkçe /
Sorumluluk Tablosu, Vb Nurhan Sabuncuoğlu.
260 ## - YAYIN, DAĞITIM, VB
Yayın, Dağıtım, Vb Yeri Ankara :
Yayıncı, Dağıtıcı, Vs Adı Türk Dil Kurumu,
Yayın, Dağıtım, Vb Tarihi 2018.
300 ## - FİZİKSEL TANIM
Kapsam 884 sayfa ;
Boyutlar 25 cm.
490 0# - SERİSİ TABLOSU
Seri Beyanı Türk Dil Kurumu Yayınları ;
Hacim / Ardışık Tanımı 1257.
500 ## - GENEL NOT
Genel Not İngilizce adı: Encylopedic military terms dictionary, English-Turkish.<br/>
504 ## - KAYNAKÇA VB NOT
Kaynakça Vb Notu Kaynakça: sayfa 881-884.<br/>
650 #0 - KONU KATMA GİRİŞ - TOPİKAL DÖNEM
9 (RLIN) 7890
Topikal Süreli Veya Coğrafi Ad Giriş Elemanı Askeri sözlük
856 ## - ELEKTRONİK YER VE ERİŞİM
Kamu Notu Dijital Nüshası için Partimizin Kütüphane Sorumlusu ile iletişime geçiniz.
942 ## - EKLENDİ GİRİŞ ELEMANLARI (KOHA)
Sınıflandırma Veya Raf Düzeni Kaynak Dewey Decimal Classification
Koha Öğesi Türü Books
Holdings
Kalıcı Konum Mevcut Konum Edinme Tarihi Toplam Check-Out'Lar Tam Çağrı Numarası Barkod Tarih Son Görülme İtibaren Geçerli Fiyatlar Koha Öğesi Türü
CHP Kütüphanesi CHP Kütüphanesi 03/25/2024   355.003 S21a 2018 21714 03/25/2024 03/25/2024 Books